Využívanie finančných a menových nástrojov pri zvyšovaní efektívnosti socialistickej ekonomiky so zameraním na problematiku jadrových elektrární
Guardado en:
| Autor principal: | |
|---|---|
| Formato: | Libro |
| Lenguaje: | eslovaco |
| Publicado: |
Bratislava
VŠE
1987
|
| Etiquetas: |
Sin Etiquetas, Sea el primero en etiquetar este registro!
|
MARC
| LEADER | 00000nam a2200000 4500 | ||
|---|---|---|---|
| 001 | c038493 | ||
| 005 | 20260326071135.2 | ||
| 041 | 0 | |a slo | |
| 044 | |a SK | ||
| 245 | 1 | 0 | |a Využívanie finančných a menových nástrojov pri zvyšovaní efektívnosti socialistickej ekonomiky so zameraním na problematiku jadrových elektrární |c Milan Majcher |
| 264 | 1 | |a Bratislava |b VŠE |c 1987 | |
| 300 | |a 33 s. | ||
| 100 | 1 | |a Majcher, Milan | |